BSOP header

The best of Meister Eckhart / (Record no. 24934)

MARC details
000 -LEADER
fixed length control field 00758nam a2200205 4500
008 - FIXED-LENGTH DATA ELEMENTS--GENERAL INFORMATION
fixed length control field 051024r19931992nyu 000 0 eng
020 ## - INTERNATIONAL STANDARD BOOK NUMBER
International Standard Book Number 0824512626 :Php119
090 ## - LOCALLY ASSIGNED LC-TYPE CALL NUMBER (OCLC); LOCAL CALL NUMBER (OCLC)
Classification number (OCLC) (R) ; Classification number, CALL (RLIN) (NR) BV5080
Local cutter number (OCLC) ; Book number/undivided call number, CALL (RLIN) Ec5
100 0# - MAIN ENTRY--PERSONAL NAME
Personal name Eckhart,
Titles and other words associated with a name Meister,
Dates associated with a name d. 1327.
240 10 - UNIFORM TITLE
Uniform title Selections.
Language of a work English.
Date of a work 1993
245 14 - TITLE STATEMENT
Title The best of Meister Eckhart /
Statement of responsibility, etc edited by Halcyon Backhouse.
260 ## - PUBLICATION, DISTRIBUTION, ETC. (IMPRINT)
Place of publication, distribution, etc New York :
Name of publisher, distributor, etc Crossroad,
Date of publication, distribution, etc 1993.
300 ## - PHYSICAL DESCRIPTION
Extent 143 p. ;
Dimensions 19 cm.
610 24 - SUBJECT ADDED ENTRY--CORPORATE NAME
Corporate name or jurisdiction name as entry element Catholic Church
General subdivision Doctrines
-- Early works to 1800.
610 24 - SUBJECT ADDED ENTRY--CORPORATE NAME
Corporate name or jurisdiction name as entry element Catholic Church
General subdivision Sermons
-- Early works to 1800.
650 #4 - SUBJECT ADDED ENTRY--TOPICAL TERM
Topical term or geographic name as entry element Mysticism
General subdivision Catholic Church
-- Early works to 1800.
650 #4 - SUBJECT ADDED ENTRY--TOPICAL TERM
Topical term or geographic name as entry element Sermons, Medieval.
951 ## - EQUIVALENCE OR CROSS-REFERENCE-GEOGRAPHIC NAME/AREA NAME [OBSOLETE] [CAN/MARC only]
General subdivision 00014096
700 1# - ADDED ENTRY--PERSONAL NAME
Personal name Backhouse, Halcyon C.
951 ## - EQUIVALENCE OR CROSS-REFERENCE-GEOGRAPHIC NAME/AREA NAME [OBSOLETE] [CAN/MARC only]
-- 20160
-- BV5080/Ec5
-- 070613111524000
-- 2000-12-21
-- GC
Holdings
Withdrawn status Lost status Damaged status Not for loan Home library Current library Shelving location Date acquired Accession number Shelving control number Total Checkouts Full call number Barcode Date last seen Price effective from Koha item type
        BSOP Library BSOP Library GC 12/21/2000 20160 127   BV5080/Ec5 00014096 02/23/2013 02/23/2013 Books
BSOP

Biblical Seminary of the Philippines
  All rights Reserved
  © 2024

CONTACT INFORMATION

Biblical Seminary of the Philippines,
  77-B Karuhatan Road, Valenzuela City,
  PHILIPPINES 1441
  Phone: +632 8292-6795 / 8292-6798
  Fax : +632 8292-6675
  Email: library@bsop.edu.ph